Los programas de ayuda de las agencias multilaterales para los asentamientos humanos en la América Latina (Registro nro. 24422)
[ vista simple ]
| 000 -LEADER | |
|---|---|
| fixed length control field | 00500 a2200145 4500 |
| 001 - CONTROL NUMBER | |
| control field | ART_8758 |
| 005 - DATE AND TIME OF LATEST TRANSACTION | |
| control field | 20260410161845.0 |
| 008 - FIXED-LENGTH DATA ELEMENTS--GENERAL INFORMATION | |
| fixed length control field | 260409a |
| 100 1# - MAIN ENTRY--PERSONAL NAME | |
| Personal name | Hardoy, Jorge E. |
| 245 10 - TITLE STATEMENT | |
| Title | Los programas de ayuda de las agencias multilaterales para los asentamientos humanos en la América Latina |
| 700 1# - ADDED ENTRY--PERSONAL NAME | |
| Personal name | Donelson, Stuart |
| 700 1# - ADDED ENTRY--PERSONAL NAME | |
| Personal name | Schkolnik, Susana |
| 700 1# - ADDED ENTRY--PERSONAL NAME | |
| Personal name | Hardoy, Ana M. |
| 773 0# - HOST ITEM ENTRY | |
| Title | El trimestre económico |
| Related parts | - Vol. XLVI, Nº 183 (jul./set. 1979) |
| Record control number | REV6933 |
No hay ítems disponibles.